Normal view MARC view
  • Jawadekar,N

Entry Personal Name

Number of records used in: 3

001 - CONTROL NUMBER

  • control field: 1482

003 - CONTROL NUMBER IDENTIFIER

  • control field: NUST

005 - DATE AND TIME OF LATEST TRANSACTION

  • control field: 20170526170841.0

008 - FIXED-LENGTH DATA ELEMENTS

  • fixed length control field: 170526|| aca||aabn | a|a d

040 ## - CATALOGING SOURCE

  • Original cataloging agency: NUST
  • Transcribing agency: NUST

100 ## - HEADING--PERSONAL NAME

  • Personal name: Jawadekar,N

670 ## - SOURCE DATA FOUND

  • Source citation: Work cat.: (NUST): Jawadekar,N, Encyclopedia of Environment Science /
© 2023 Central Library, National University of Sciences and Technology. All Rights Reserved.